[Event "Dortmund SuperGM"]
[Site "Dortmund"]
[Date "2000.07.09"]
[Round "3"]
[White "Huebner, Robert"]
[Black "Khalifman, Alexander"]
[Result "1/2-1/2"]
[WhiteElo "2615"]
[BlackElo "2667"]
[Annotator "Lutz,C"]
[PlyCount "72"]
[EventDate "2000.07.07"]
[EventType "tourn"]
[EventRounds "9"]
[EventCountry "GER"]
[EventCategory "17"]
[SourceTitle "CBM 078"]
[Source "ChessBase"]
[SourceDate "2000.10.18"]
[SourceVersion "1"]
[SourceVersionDate "2000.10.18"]
[SourceQuality "1"]

1. d4 Nf6 2. c4 e6 3. Nf3 d5 4. Nc3 c6 5. e3 Nbd7 6. Bd3 dxc4 7. Bxc4 b5 8. Be2
Bb7 (8... b4 9. Na4 Be7 10. O-O O-O 11. Qc2 Bb7 12. a3 bxa3 13. b3 Qa5 14. Nd2
Rfc8 15. Bf3 Ba6 16. Nc4 Bxc4 17. bxc4 Rab8 18. c5 e5 19. Bd2 Qd8 20. Rxa3 exd4
21. exd4 Nf8 22. Be3 Ne6 23. Rd1 Nd5 24. Nb2 Nxe3 25. fxe3 Rc7 26. Nc4 $14 {
1-0 Aleksandrov,A-Svirin,O/Smolensk 1997/CBM 58 ext (47)}) 9. O-O b4 {Dieser
Aufbau stellt eine sehr solide Möglichkeit für Schwarz dar. Es ist für Weiß
schwierig, die leichten schwarzen Schwächen auf der c-Linie auszunutzen.} 10.
Na4 Be7 11. b3 {Dieser Aufbau ist ziemlich schlaff. Wenn Weiß überhaupt etwas
erreichen will, muss er zu a2-a3 greifen, um Schwarz ggf. einen schwachen
b-Bauern zu verpassen.} (11. a3 a5 12. Qc2 O-O 13. Rd1 c5 (13... Qc7 14. axb4
axb4 15. Bd2 Ra5 16. Rac1 Qb8 17. b3 Ba8 18. e4 c5 $11 {1/2-1/2 Gelfand,
B-Lautier,J/Monaco 2000/CBM 75/[Lutz] (111)}) 14. dxc5 Qc7 15. axb4 axb4 16.
Bd2 Be4 17. Bd3 Bxd3 18. Qxd3 Nxc5 19. Qc4 Rfc8 20. Nxc5 Qxc5 21. Qxc5 Bxc5 22.
Kf1 Be7 23. Rxa8 Rxa8 24. Ne5 $14 {[%csl Rb4] 1/2-1/2 Georgiev,V-Chernin,A/
Batumi 1999/CBM 74 (88)}) 11... O-O 12. Bb2 c5 13. Rc1 Rc8 14. Qd3 Qa5 15. Qb5
Qxb5 16. Bxb5 cxd4 17. Bxd4 a6 18. Be2 Ne4 19. Ne5 Nxe5 20. Bxe5 f6 21. Bb2
Rxc1 22. Rxc1 Rc8 23. Rxc8+ Bxc8 24. f3 Nc5 25. Nb6 Bb7 26. Nc4 e5 27. Bc1 Bd8
28. e4 Kf8 29. Be3 Be7 30. Na5 Ba8 31. Bd2 Nb7 32. Nc4 Bc5+ 33. Kf1 Nd8 34. Na5
Nb7 35. Nc4 Nd8 36. Na5 Nb7 1/2-1/2

[Event "Dortmund SuperGM"]
[Site "Dortmund"]
[Date "2000.07.13"]
[Round "6"]
[White "Piket, Jeroen"]
[Black "Khalifman, Alexander"]
[Result "1/2-1/2"]
[WhiteElo "2649"]
[BlackElo "2667"]
[Annotator "Lutz,C"]
[PlyCount "68"]
[EventDate "2000.07.07"]
[EventType "tourn"]
[EventRounds "9"]
[EventCountry "GER"]
[EventCategory "17"]
[SourceTitle "CBM 078"]
[Source "ChessBase"]
[SourceDate "2000.10.18"]
[SourceVersion "1"]
[SourceVersionDate "2000.10.18"]
[SourceQuality "1"]

1. d4 d5 2. c4 c6 3. Nc3 Nf6 4. e3 e6 5. Nf3 Nbd7 6. Bd3 dxc4 7. Bxc4 b5 8. Bd3
Bb7 9. O-O a6 10. e4 c5 11. d5 Qc7 12. dxe6 fxe6 13. Bc2 Bd6 14. Ng5 Nf8 15. f4
O-O-O 16. Qe1 e5 17. Nd5 $5 $146 {In dieser kritschen Eröffnungsstellung
bringt Piket ein interessantes Bauernopfer.} (17. f5 $146 {0-1 Illescas
Cordoba,M-Shirov,A/Leon 2000/CBM 78/[Lutz] (54)}) (17. a4 $6 {0-1 Sadler,
M-Dreev,A/Groningen 1997/CBM 63/[Lutz] (45)}) 17... Bxd5 {Khalifman
entscheidet sich, den Pf4 zu nehmen.} ({Das Nehmen des anderen Bauern würde
Weiß ebenfalls Kompensation geben:} 17... Nxd5 18. exd5 Bxd5 19. Bd2 $1 {, z.B.
} (19. Ne4 Nd7 20. Bd2 Rde8 $13) 19... Re8 (19... c4 20. Ba5 Qc5+ 21. Kh1 $44)
20. Rd1 Nd7 (20... Bb7 21. Ne4 $40) 21. Ba5 Qc6 22. Qd2 Nf6 23. Nxh7 $16) 18.
exd5 exf4 ({In dieser Form ist das Nehmen auf d5 noch gefährlicher:} 18... Nxd5
19. fxe5 Bxe5 20. Nf7 Re8 21. Kh1 Rg8 22. a4 $36) 19. Bd2 Re8 20. Qh4 Ng6 21.
Qh3+ Kb8 22. a4 b4 23. Rad1 (23. Ne6 Qb7 $5) 23... c4 24. Ne6 Qb6+ 25. Kh1 Nxd5
{Jetzt wird's undurchsichtig.} 26. Nxg7 Re3 $5 27. Bxe3 Nxe3 28. a5 $5 (28.
Bxg6 Be5 $1) 28... Qc6 $2 (28... Qxa5 {erscheint mir richtig:} 29. Rxd6 (29.
Bxg6 Nxf1 30. Rxf1 (30. Be4 Nd2 $5) 30... Qg5 31. Bf7 Qxg7 32. Bxc4 $13) 29...
Nxf1 30. Qe6 (30. Rxg6 Ne3 $19) 30... Ne3 $13) 29. Be4 $2 {Der Textzug führt
nur zum Unentschieden. Piket hatte jedoch etwas Besseres.} (29. Bxg6 $1 {
Der Witz ist, dass Weiß am Ende immer Lg6-e8 spielen kann. Er verbleibt dann
mit einer Mehrqualität. Man sehe:} Be5 (29... Nxd1 30. Rxd1 Be5 31. Be8 $1 Qf6
32. Nh5 $18) (29... Nxf1 30. Rxf1 Be5 31. Be8 $1 Rxe8 (31... Qb7 32. Rd1 $18) (
31... Qd5 32. Qh5 $18) (31... Qd6 32. Nf5 $18) 32. Nxe8 Qxe8 33. Re1 $18) 30.
Be8 $1 Rxe8 31. Nxe8 Qxe8 32. Qh6 Qg6 (32... Bc7 33. Rxf4 $18) 33. Qf8+ $18)
29... Qxe4 30. Rxd6 Nxf1 31. Rb6+ Ka8 (31... Ka7 $2 32. Qd7+ Ka8 33. Nf5 $18)
32. Rxa6+ Kb8 33. Rb6+ Ka8 34. Ra6+ (34. Qd7 $2 Ng3+ 35. hxg3 Qe1+ 36. Kh2
fxg3+ 37. Kh3 Qh1+ 38. Kxg3 Qh4+ 39. Kf3 Ne5+ $19) 34... Kb8 1/2-1/2

[Event "Dortmund SuperGM"]
[Site "Dortmund"]
[Date "2000.07.15"]
[Round "8"]
[White "Adams, Michael"]
[Black "Khalifman, Alexander"]
[Result "1/2-1/2"]
[WhiteElo "2755"]
[BlackElo "2667"]
[Annotator "Horn,Pe"]
[PlyCount "85"]
[EventDate "2000.07.07"]
[EventType "tourn"]
[EventRounds "9"]
[EventCountry "GER"]
[EventCategory "17"]
[SourceTitle "CBM 078"]
[Source "ChessBase"]
[SourceDate "2000.10.18"]
[SourceVersion "1"]
[SourceVersionDate "2000.10.18"]
[SourceQuality "1"]

1. e4 e6 2. d3 d5 3. Nd2 Nf6 4. Ngf3 c5 5. g3 Nc6 6. Bg2 g6 7. O-O Bg7 8. c3
O-O 9. e5 Nd7 10. d4 {Weiß hat den Bg7 eingeschränkt; Schwarz kann seinen
Einfluß mit f7-f6 wieder erhöhen, den Zeitpunkt kann er bestimmen.} b5 {
Khalifman entscheidet sich für eine andere Strategie: es wird lange dauern,
bis Weiß ernsthafte Drohungen am Königsflügel aufstellen kann, and so hat er
Zeit, sein eigenes Spiel am Damenflügel zu finden.} (10... f6 11. exf6 Qxf6 (
11... Nxf6 $6 12. dxc5 Qe7 13. Re1 Qxc5 14. Nb3 $14 {Cerrajeria,J-Lopez,F/
Zaragoza 1993}) 12. Nb3 c4 13. Bg5 Qf7 14. Nbd2 e5 15. Be3 (15. dxe5 Ndxe5 16.
Nxe5 Nxe5 17. b3 Nd3 $132 {Sviridov,A-Melentiev,R/Kazan 1997}) 15... e4 16. Ng5
Qe7 $11 {Hodja,B-Ciocaltea,V/Prague 1954}) (10... cxd4 11. cxd4 Qb6 12. Nb3 a5
13. a4 (13. Rb1 f6 14. Bh3 fxe5 15. Bxe6+ Kh8 16. Ng5 e4 $6 17. Nxh7 $2 (17.
Nf7+ Rxf7 18. Bxf7 a4 19. Nc5 Nxd4 $44) (17. Bxd5 $142) 17... Kxh7 18. Qg4 Nf6
$19 {Bindl,T-Hertneck,G/Marktredwitz 1984}) 13... f6 14. exf6 Nxf6 15. Be3 Ng4
16. Bf4 Nh6 17. Qd3 Nf5 18. Rfd1 $14 {Paredes,A-Alonso,R/San Rafael 1992}) (
10... b6 11. Re1 a5 12. Nf1 Ba6 {Knispel Roth,M-Stoeckmann,H/Muenster 1989}) (
10... a5 11. Re1 (11. Nb1 b5 12. Na3 b4 13. Nc2 Qb6 $132 {Pfaff,M-Meier,W/
Wiesbaden 1993}) 11... cxd4 12. cxd4 f6 13. exf6 Qxf6 14. Qe2 Nb6 15. Nb3 Nc4
16. a4 b6 17. Bf4 Bd7 18. Rad1 $14 {Safranska,A-Sharif,M/Lyon 1993}) 11. Re1 b4
$146 {Das scheint neu zu sein: Khalifman befindet a7-a5 nicht für notwendig.
Dadurch erhält die Qd8 die Möglichkeit, über a5 ins Geschehen einzugreifen.} (
11... a5 12. Nf1 (12. b3 Qb6 13. Nf1 cxd4 14. cxd4 Ba6 15. a3 Rac8 16. Bg5 h6
17. Be3 b4 18. a4 Ne7 19. N1d2 Bd3 $15 {Vospernik,G-Piber,V/Bled 1994}) 12...
Ba6 13. Bg5 Qb6 14. Qd2 b4 15. Bh6 Rab8 16. Qf4 bxc3 17. bxc3 Bxf1 18. Bxf1 Qb2
$132 {Zatonskih,A-Shalimov,V/Kharkov 1999}) 12. Nf1 Ba6 13. h4 ({Adams
vertrödelt keine Zeit mit} 13. Bg5 {, da die Qd8 sowieso im Aufbruch begriffen
ist.}) 13... bxc3 14. bxc3 Qa5 15. Bd2 Nb6 (15... Rab8 {scheint ebenfalls gut
spielbar zu sein:} 16. c4 Qb6) 16. c4 Qa4 17. cxd5 Qxd1 18. Raxd1 Nxd5 19. dxc5
{Weiß hat nun einen P mehr. Als Gegenleistung sind die schwarzen Steine alle
sehr effektiv plaziert.} Rac8 {Schwarz nimmt den weißen Mehrbauern unter
Beschuß.} 20. a3 {Verschafft dem Bd2 einen Stützpunkt auf b4 und verhindert
die N-Ausfälle nach b4.} (20. Ne3) 20... Rc7 21. Ne3 Nce7 22. Nxd5 Nxd5 23. Bb4
Rb8 24. Rd4 Bf8 25. Rc1 Rbc8 {Nun ist der Mehrbauer nicht mehr zu decken.} 26.
Ng5 {So behält Weiß noch das leicht bequemere Spiel; viel ist aber nicht drin.}
Bxc5 27. Rxc5 Rxc5 28. Bxc5 Rxc5 29. Ra4 (29. Ne4 Ra5 30. Nf6+ Kg7 31. Nxd5
exd5 32. Bxd5 Bb5 $1 $11) 29... Nc7 30. f4 (30. Rf4 Rc4 31. Rxc4 (31. Rxf7 h6)
(31. Rf6 Bb5) 31... Bxc4 $11) 30... Rc1+ 31. Kh2 Rc4 32. Ra5 (32. Rxc4 Bxc4 $11
) 32... Rc2 33. Kh3 h5 34. Ne4 Be2 $1 $11 35. Nf6+ Kf8 36. Rxa7 Nd5 37. Ra8+
Kg7 38. Rg8+ Kh6 39. Rh8+ Kg7 40. Rh7+ Kf8 41. Rh8+ Kg7 42. Rg8+ Kh6 43. Rh8+
1/2-1/2

[Event "FIDE World Cup-D"]
[Site "Shenyang"]
[Date "2000.09.04"]
[Round "4"]
[White "Khalifman, Alexander"]
[Black "Gelfand, Boris"]
[Result "0-1"]
[WhiteElo "2667"]
[BlackElo "2681"]
[Annotator "Gelfand,B"]
[PlyCount "70"]
[EventDate "2000.09.01"]
[EventType "tourn"]
[EventRounds "5"]
[EventCountry "CHN"]
[EventCategory "15"]
[SourceTitle "CBM 079"]
[Source "ChessBase"]
[SourceDate "2000.11.21"]
[SourceVersion "1"]
[SourceVersionDate "2000.11.21"]
[SourceQuality "1"]

1. e4 c5 2. Nf3 d6 3. d4 cxd4 4. Nxd4 Nf6 5. Nc3 a6 6. Be3 e6 7. g4 e5 8. Nf5
g6 9. g5 gxf5 10. exf5 d5 11. Qf3 d4 12. O-O-O Nbd7 13. gxf6 dxc3 14. Bc4 Qxf6
15. Rhg1 h6 16. Kb1 $2 {N} (16. Qh5 {Badzharani,I} Bc5 17. Bxc5 Nxc5 18. Bxf7+
$8 Ke7 $1 (18... Qxf7 $2 {Badzharani,I} 19. Rd8+ $18) 19. Bg6 $8 {><f5} cxb2+
$6 20. Kb1 Bd7 (20... b6 {Badzharani,I} 21. f4 e4 22. Rd5 $44 {->}) 21. Qf3 $1
Bc6 $2 (21... Rac8 {Badzharani,I} 22. Rge1 $44) 22. Qc3 b6 (22... Nd7 {
Badzharani,I} 23. Qb4+ {/\ Rd6->}) 23. Rge1 $16 {1-0 Badzharani,I-Rybincev/
USSR 1989/Inf 47/[Badzharani,I] (30)}) 16... Nc5 $3 (16... Be7 17. Bd5 $13) 17.
Qe2 (17. Qd5 Bd7 $1 18. Bxc5 (18. f4 Qxf5) 18... Bc6 $19) (17. Rge1 Bxf5 18.
Bxc5 Bxc5 19. Qxc3 (19. Qd5 Be7 20. Rxe5 Be6 21. Qxb7 O-O $19) 19... Bd6 20. f4
O-O-O $3 $19 {Halifman,A}) 17... Bxf5 18. f4 Be6 19. fxe5 Qxe5 $5 (19... Bxc4
20. Qxc4 Qc6 $5 (20... Qe6 21. Qxc3 Rc8 22. Bd4 $44) 21. Qxc3 Ne6 $17) 20. Bxe6
$6 (20. Rge1 $5 Rg8 $1 (20... Rd8 21. Rxd8+ Kxd8 22. Qd1+ $44) (20... Be7 21.
Qf1) 21. b4 (21. Qf3 Qe4) (21. Qf1 Ne4 22. Bf4 (22. Bd4 Bxc4) 22... Qf5 23. Qd3
Nd2+) 21... Ne4 22. Bd4 Bxc4 23. Qxc4 Nd2+ 24. Ka1 Nxc4 25. Bxe5 f6 $18) 20...
Nxe6 21. Qf3 Qb5 $19 22. b3 Qc6 23. Qf6 Rh7 24. Rgf1 (24. Rg8 Rg7 25. Rf1 Qd7 (
25... Ng5 26. Qxg7)) (24. Rdf1 $5) 24... Rd8 25. Rde1 Rd5 $1 26. Bc1 Be7 27.
Qf3 Bg5 28. Qg3 Kd7 29. h4 Bxc1 30. Qg8 Bd2 31. Rxf7+ Rxf7 32. Qxf7+ Kd8 33.
Rxe6 Rd6 (33... Rf5 $4 34. Qe7+) 34. Qg8+ Kc7 35. Qg7+ Kb8 0-1

[Event "EU-Cup 16th"]
[Site "Neum"]
[Date "2000.09.26"]
[Round "3.1"]
[White "Rublevsky, Sergei"]
[Black "Khalifman, Alexander"]
[Result "1/2-1/2"]
[WhiteElo "2670"]
[BlackElo "2667"]
[Annotator "Psakhis,L"]
[PlyCount "92"]
[EventDate "2000.09.24"]
[EventType "team-swiss"]
[EventRounds "7"]
[EventCountry "BIH"]
[SourceTitle "CBM 080"]
[Source "ChessBase"]
[SourceDate "2001.01.25"]
[SourceVersion "1"]
[SourceVersionDate "2001.01.25"]
[SourceQuality "1"]
[WhiteTeam "Niksic Radonja"]
[BlackTeam "St Petersburg"]
[WhiteTeamCountry "YUG"]
[BlackTeamCountry "RUS"]

1. e4 e6 2. d4 d5 3. Nd2 c5 4. exd5 Qxd5 5. Ngf3 cxd4 6. Bc4 Qd6 7. O-O Nf6 8.
Nb3 Nc6 9. Nbxd4 Nxd4 10. Nxd4 a6 11. c3 (11. Re1 $5 {Is considered as a main
move in this important theorethical position}) ({Worth consideration and quite
rare} 11. Bd3 {- favorite move of Ruslan Ponomariov}) 11... Qc7 12. Bb3 (12.
Qe2 Bd6 13. h3 O-O 14. Bg5 Ne4 $1 15. Be3 b6 16. Bd3 Bb7 17. Rad1 Bh2+ 18. Kh1
Bf4 19. Rfe1 Nf6 20. c4 Rfd8 21. Bxf4 Qxf4 22. Nc2 {1/2-1/2 Liss,E-Zifroni,D/
ISR t-ch 1999 (22)}) 12... Bd6 13. Kh1 $146 {New move in well known position.}
({As usual White choose} 13. h3 {but in modern practice Black managed to
equalised after, for example} O-O 14. Bg5 (14. Re1 e5 15. Nc2 h6 16. Ne3 Re8
17. Nc4 Bf8 18. Qf3 Be6 19. Ne3 e4 20. Qe2 g6 21. Ng4 Nxg4 22. hxg4 Qc8 $11 {
1/2-1/2 Korneev,O-Danielian,O/Moscow op 1998 (44)}) 14... Ne4 15. Be3 Bh2+ 16.
Kh1 Bf4 17. Qf3 Bxe3 18. Qxe3 Nf6 19. f4 b5 20. Rae1 Re8 21. Qe5 Qxe5 22. Rxe5
Bb7 23. f5 exf5 24. Rexf5 Rad8 $11 {1/2-1/2 Tiviakov,S-Huebner,R/NED-GER Vehlo
2000/ (57)}) 13... O-O 14. Bg5 Ne4 15. Bh4 e5 16. Nc2 {[%cal Gc2e3,Ge3d5]} Nc5
17. Bd5 Bf5 ({Much weaker is} 17... Na4 $6 18. Ne3 $1 Nxb2 $140 $2 19. Qc2 {
[%csl Rb2] and knight in danger.}) 18. Ne3 Bg6 ({In the case of} 18... Bd3 19.
Re1 e4 20. Nf5 {[%cal Gd1g4] White will get serious chances for attack.}) 19.
Nc4 Nd3 {[%csl Gd3]} (19... Be7 20. Bg3 {[%cal Gg3c7]}) 20. Qb3 (20. Nxd6 Qxd6
21. Bxb7 (21. Qf3 Rfe8) 21... Rab8 22. Qf3 Rfe8 $1 {[%cal Re5e4]} 23. Be4 Nxb2
$15) 20... Be7 21. Bg3 ({After} 21. Bxe7 Qxe7 22. Qxb7 Qc5 $36 {[%csl Gc5,Gd3]
it is easy to see that Black has more than enough compensation fof a pawn.})
21... Rab8 22. Rad1 b5 23. Nxe5 $1 (23. Ne3 h5 $5 $15) 23... Nxe5 24. f4 Ng4 ({
Maybe} 24... Bd6 $5 25. fxe5 Bxe5 26. Bxe5 Qxe5 $11 {was safer}) 25. f5 Bd6 {
[%tqu "En","Try to find strongest move for White","","","b3b4","",10]} 26. Bf3
$6 (26. fxg6 Bxg3 27. Rxf7 Rxf7 28. gxf7+ Kh8 29. hxg3 Qxg3 $36) ({In this
moment Rublevsky missed great chance. He could make great move} 26. Qb4 $1 {
[%cal Rg3c7] and capture initiative after possibel} Bxg3 (26... Bxb4 27. Bxc7
Bh5 28. Bxb8 Ne3 $5 29. Ba7 Nxd1 30. cxb4 $16) 27. Qxg4 Bxf5 28. Rxf5 Bxh2 29.
Rdf1 Kh8 30. Rxf7 Rxf7 31. Rxf7 Qe5 (31... Qg3 32. Qf5 $18) 32. Qf3 Qd6 $14)
26... Bxg3 27. Bxg4 Bh5 (27... Bxf5 28. Bxf5 Bxh2 29. Rd7 Qe5 30. Rxf7 $1 Rxf7
31. Be6) 28. Bxh5 Bxh2 29. Qd5 (29. f6 g6 {[%csl Rf6]}) 29... Be5 30. Rfe1 Bf6
$15 {[%csl Gf6] Black is slightly better, although the coming simplification
does not appear to help matters and with stubborn defence Rublevsky managed to
save half of point.} 31. a3 Rbd8 32. Qe4 g6 33. Bf3 Kg7 34. Rxd8 Rxd8 35. Rd1
Rxd1+ 36. Bxd1 Qg3 37. fxg6 hxg6 38. Bf3 Qf2 (38... Be5 39. Kg1) 39. Qe2 $8 (
39. Be2 Qe1+ 40. Kh2 Qd2 $17) 39... Qh4+ 40. Kg1 Qf4 41. Qd1 Qe3+ 42. Kf1 Kh6 (
42... Bh4 43. Qd4+ $11) 43. Qe1 Qd3+ 44. Kf2 {[%cal Ge1e3]} Kg7 45. Qd1 Qf5 46.
Ke2 a5 1/2-1/2

[Event "EU-Cup 16th"]
[Site "Neum"]
[Date "2000.09.30"]
[Round "7.1"]
[White "Van Wely, Loek"]
[Black "Khalifman, Alexander"]
[Result "1/2-1/2"]
[WhiteElo "2643"]
[BlackElo "2667"]
[PlyCount "121"]
[EventDate "2000.09.24"]
[EventType "team-swiss"]
[EventRounds "7"]
[EventCountry "BIH"]
[SourceTitle "CBM 080"]
[Source "ChessBase"]
[SourceDate "2001.01.25"]
[SourceVersion "1"]
[SourceVersionDate "2001.01.25"]
[SourceQuality "1"]
[WhiteTeam "Breda"]
[BlackTeam "St Petersburg"]
[WhiteTeamCountry "NED"]
[BlackTeamCountry "RUS"]

1. c4 Nf6 2. Nc3 e6 3. d4 Bb4 4. Qc2 d5 5. cxd5 Qxd5 6. Nf3 Qf5 7. Qxf5 exf5 8.
a3 Be7 9. g3 c6 10. Bg2 Be6 11. O-O Nbd7 12. Bg5 h6 13. Bxf6 Bxf6 14. Rfc1 O-O
15. b4 Nb6 16. e3 a5 17. Ne1 axb4 18. axb4 Rxa1 19. Rxa1 Bc4 20. Bf1 Bxf1 21.
Kxf1 Ra8 22. Rc1 Nd7 23. Nd3 b5 24. Ke2 Nb6 25. Rc2 Kf8 26. Nb1 Rc8 27. Nd2 Ke7
28. Nb3 Kd6 29. Nbc5 Kc7 30. Na6+ Kd6 31. Ndc5 Ra8 32. Nb7+ Kd7 33. Nbc5+ Kd6
34. Kd3 Ra7 35. f3 Bd8 36. e4 fxe4+ 37. Nxe4+ Ke7 38. Nb8 Ra3+ 39. Rc3 Rxc3+
40. Kxc3 f5 41. Nxc6+ Kd7 42. Ne5+ Ke6 43. Nc5+ Kd5 44. Ng6 Bf6 45. Nf4+ Kd6
46. Ne2 Nd5+ 47. Kb3 h5 48. h3 g5 49. Nd3 Kc6 50. Nc5 Kd6 51. Nd3 Ke6 52. g4
hxg4 53. hxg4 fxg4 54. fxg4 Ne3 55. Nf2 Bh8 56. Ne4 Bf6 57. Nf2 Bh8 58. Nc3
Bxd4 59. Nxb5 Bb6 60. Nc3 Ke5 61. Ne2 1/2-1/2

[Event "Hoogeveen Essent Crown"]
[Site "Hoogeveen"]
[Date "2000.10.15"]
[Round "1"]
[White "Galkin, Alexander"]
[Black "Khalifman, Alexander"]
[Result "0-1"]
[WhiteElo "2587"]
[BlackElo "2667"]
[Annotator "Psakhis,L"]
[PlyCount "73"]
[EventDate "2000.10.15"]
[EventType "tourn"]
[EventRounds "6"]
[EventCountry "NED"]
[EventCategory "16"]
[SourceTitle "CBM 080"]
[Source "ChessBase"]
[SourceDate "2001.01.25"]
[SourceVersion "1"]
[SourceVersionDate "2001.01.25"]
[SourceQuality "1"]

1. e4 e6 2. d4 d5 3. Nc3 Bb4 4. e5 c5 5. a3 Ba5 {Again and again Alexander
choose this extremely risky move!} 6. b4 (6. dxc5 $5) ({Just two weeks later
Leko played in this position} 6. Qg4 $5 Ne7 7. dxc5 {and won game after long
fight.}) 6... cxd4 7. Qg4 Ne7 8. bxa5 dxc3 9. Qxg7 Rg8 10. Qxh7 Nbc6 11. Nf3
Qc7 12. Bf4 Bd7 13. Bd3 (13. Bg3 Nxa5 14. Bd3 Nc4 15. O-O Nb2 16. Rfb1 Nxd3 17.
Qxd3 Nf5 18. Rb3 Rc8 19. Rab1 b5 20. Rb4 Qc5 21. R1b3 a5 $17 {0-1 Wang,
Z-Lputian,S/Beijing 1991/Inf 54 (33)}) 13... O-O-O 14. Bg3 Qxa5 $5 ({Worth
consideration and} 14... Rh8) 15. O-O Rh8 ({Black got quite good game and after
} 15... Qc5 16. Qxf7 Rdf8 17. Qh7 Rxf3 18. gxf3 Nxe5 19. Be2 d4 20. Rfe1 Bc6
$44 {1-0 Shirov,A-Akopian,V/Merida 2000/CBM 78 (47)}) 16. Qxf7 ({Judit Polgar
two rounds later played} 16. Qg7 {but after} d4 17. Qg4 Nf5 18. Rfb1 Nxg3 19.
Qxg3 Qc7 20. Kf1 Rhg8 21. Qf4 f5 $36 {0-1 Polgar,J-Khalifman,A/Hoogeveen
Essent 2000/ (37) it is clear, that initiative belongs to Black}) 16... Rdf8
17. Qg7 Rhg8 18. Qh6 Rxf3 $1 $146 {[%mdl 4] Strong novelty.We could see
already on the previous examples that exchange sacrifice is carte-de-visite
for Black in this line. Black will get long run initiative and completely ruin
white's pawn structure instead of not so big material shortages.} (18... Qa4
19. Qe3 Be8 20. Ng5 Nd4 21. f4 Bc6 22. Rf2 Rh8 23. Rb1 a5 24. Bf1 Rh6 25. Qxc3
$16 {1-0 Kovacevic,A-Stanojevic,B/Vrsac op 2000/Chess-international (41)}) 19.
gxf3 Nd4 20. Qf4 Nef5 {[%cal Gf5h4]} 21. Kh1 (21. a4 {[%cal Ga1a3]} Nh4 $5)
21... Bb5 $1 ({It is funny, but this position it is not new one! In the game
Lutz,C-Lyrberg,P/Katrineholm 1999/CBM 71 (41) opponents got it with different
move order ( Black played 14... Rh8) and Lutz managed to win after} 21... Qc5
22. Rg1 Rf8 23. Qg4 Bc6 24. Rg2 Bb5 25. Bxb5 Qxb5 26. Bf4 Kb8 27. Bg5 Rc8 28.
Rc1 Qe2 29. Be7 Qxe5 30. Bg5 Qe2 31. Be3 e5 32. Bxd4 Nxd4 33. Qd7 Qxf3 34. Qd6+
Ka8 35. Qxe5 $16 {Move in the text is stronger. Khalifman exchange very
important white's bishop and and start to attack weak white pawns.}) 22. Rfd1 (
22. Bxf5 Nxf5 23. Rg1 d4 {[%csl Rc2,Rg3,Rh1][%cal Gb5c6]}) 22... Bxd3 23. Rxd3
Qc5 24. Qc1 (24. Rad1 $2 {fails after} Ne2 $1 (24... Nxc2 $2 25. Rxd5 $1 $16)
25. Qb4 Nfxg3+ 26. fxg3 Qf2 {[%cal Re2g3]} 27. Qh4 (27. Rxc3+ Kb8 28. Rb3 Nxg3+
29. hxg3 Rh8+ 30. Qh4 Rxh4+ 31. gxh4 Qxh4+ 32. Kg2 Qg5+ 33. Kf1 Qxe5 $19)) (24.
Rc1 $2 Ne2) 24... Kb8 25. Qd1 Rc8 26. Bf4 Nc6 27. Qe1 Qc4 {It is not so easy
to comment this part of the game.Black slowly but surely improves position and
White has nothing to do , just wait.} 28. Bg5 Ncd4 29. Qd1 Qa4 30. Ra2 Qc4 31.
Ra1 Qa4 32. Ra2 Nb5 33. f4 $2 {This mistake just weaken position of white's
monarch} (33. Bf6 Rg8 $44) 33... Qe4+ 34. f3 (34. Kg1 Rg8) 34... Qa4 35. Qe1 d4
36. h4 Nc7 37. Qe4 $4 {Blunder, but and after correct} (37. Qb1 Nd5 $17 {
[%cal Gd5e3,Ga4e8,Ge8h5] black keep clear advantage.}) 0-1